[Event "POLFINALY MISTRZOSTW POLSKI JUNIOROW 2021 C-15"]
[Site "Jatrzebia Gora"]
[Date "1899-12-30"]
[Round "1.1"]
[White "Racis, Michal"]
[Black "Gbiorczyk, Mikolaj"]
[Result "1-0"]
[WhiteTitle "I"]
[BlackTitle "II"]
[WhiteElo "1820"]
[BlackElo "1487"]

1. d4 Nf6 2. c4 c5 3. Nf3 cxd4 4. Nxd4 e5 5. Nb5 d5 6. cxd5 Bc5 7. e3 O-O 8. Be2
Nxd5 9. O-O Nc6 10. a3 Be6 11. b4 Bb6 12. N1c3 Nxc3 13. Nxc3 Qe7 14. Nd5 Bxd5
15. Qxd5 Rfd8 16. Qb3 Rd6 17. Bb2 Rad8 18. Rfd1 Rd2 19. Rxd2 Rxd2 20. Bf3 e4 21.
Bc3 Rxf2 22. Kxf2 exf3 23. Re1 fxg2 24. Kxg2 Qe4+ 25. Kf2 Qf4+ 26. Ke2 Qxe3+ 27.
Kd1 Qd3+ 28. Kc1 Be3+ 29. Kb2 h6 30. Qc2 Qxc2+ 31. Kxc2 Bg5 32. Re4 f5 33. Rc4
Kf7 34. b5 Nd8 35. Rc7+ Kg6 36. Rxg7+ Kh5 37. Bd2 f4 38. Kd1 Kg4 39. Ke1 Kh3 40.
Rd7 Ne6 41. Rxb7 Kg2 42. Rf7 f3 43. Bxg5 hxg5 44. Rf5 g4 45. a4 Nd4 46. Rf4 Nc2+
47. Kd2 Na3 48. Rxg4+ Kxh2 49. Ke3 Nc4+ 50. Rxc4 1-0

[Event "POLFINALY MISTRZOSTW POLSKI JUNIOROW 2021 C-15"]
[Site "Jatrzebia Gora"]
[Date "1899-12-30"]
[Round "1.2"]
[White "Choina, Jan"]
[Black "Halhoul, Adam"]
[Result "1-0"]
[WhiteTitle "II"]
[BlackTitle "I"]
[WhiteElo "1485"]
[BlackElo "1777"]

1. e4 c5 2. Nf3 d6 3. d4 cxd4 4. Nxd4 Nf6 5. Nc3 g6 6. Be3 Bg7 7. f3 Nc6 8. Qd2
O-O 9. Bc4 Bd7 10. h4 Na5 11. Bb3 b5 12. h5 Nc4 13. Bxc4 bxc4 14. Bh6 Bxh6 15.
Qxh6 e6 16. O-O-O Rb8 17. e5 dxe5 18. Nc6 Qb6 19. Nxb8 Rxb8 20. hxg6 Qxb2+ 21.
Kd2 fxg6 22. Rb1 Qa3 23. Rxb8+ Kf7 24. Rhb1 Qd6+ 25. Ke2 Bc6 26. Ne4 Nxe4 27.
fxe4 Bxe4 28. Qxh7+ Kf6 29. Qh4+ Kf7 30. Qxe4 c3 31. R1b7+ 1-0

[Event "POLFINALY MISTRZOSTW POLSKI JUNIOROW 2021 C-15"]
[Site "Jatrzebia Gora"]
[Date "1899-12-30"]
[Round "1.3"]
[White "Trzebinski, Patryk"]
[Black "Miler, Franciszek"]
[Result "1/2-1/2"]
[WhiteTitle "I+"]
[BlackTitle "I"]
[WhiteElo "1767"]
[BlackElo "1479"]

1. e4 c5 2. Nf3 d6 3. d4 cxd4 4. Qxd4 Nc6 5. Bb5 Bd7 6. Bxc6 Bxc6 7. Nc3 Nf6 8.
Bg5 e6 9. O-O-O Be7 10. Rhe1 Qa5 11. Bxf6 Bxf6 12. Qxd6 Bxc3 13. bxc3 Qxc3 14.
Kb1 Qa5 15. Ne5 Qb6+ 16. Ka1 Rc8 17. Re3 Qc7 18. Nxc6 Qxc6 19. Qb4 Qc5 20. Qxc5
Rxc5 21. Red3 O-O 22. Kb2 g6 23. Rd7 Rfc8 24. Rd8+ Rxd8 25. Rxd8+ Kg7 26. Rd7
Rb5+ 27. Kc3 Kf6 28. f4 e5 29. g3 Ke6 30. Rc7 h5 31. Kd3 exf4 32. gxf4 a5 33.
Rc3 f6 34. Ke3 Rb2 35. a3 Ke5 1/2-1/2

[Event "POLFINALY MISTRZOSTW POLSKI JUNIOROW 2021 C-15"]
[Site "Jatrzebia Gora"]
[Date "1899-12-30"]
[Round "1.4"]
[White "Zyto, Karol"]
[Black "Kotowicz, Kamil"]
[Result "0-1"]
[WhiteTitle "II"]
[BlackTitle "I"]
[WhiteElo "1472"]
[BlackElo "1765"]

1. d4 e6 2. c4 d5 3. Nf3 c6 4. g3 f5 5. Bg2 Nf6 6. O-O Bd6 7. b3 O-O 8. Ba3 Ne4
9. Bxd6 Nxd6 10. Nbd2 Nd7 11. Qc2 Qf6 12. Qb2 Ne4 13. Ne5 Nxe5 14. dxe5 Qe7 15.
e3 b6 16. Nf3 Ba6 17. Rac1 Rfd8 18. Nd4 Rac8 19. cxd5 Bxf1 20. d6 Qd7 21. Bxf1
Nxd6 22. exd6 Qxd6 23. Bc4 Re8 24. Nxf5 Qd7 25. Kg2 Rc7 26. Nd4 b5 27. Nxe6 Rxe6
28. Bxe6+ Qxe6 29. Rd1 c5 30. Rd8+ Kf7 31. Qe2 Qe4+ 32. Qf3+ Qxf3+ 33. Kxf3 Ke6
34. Ke4 c4 35. bxc4 Rxc4+ 36. Kd3 Ra4 37. Rb8 a6 38. f3 Rxa2 39. h4 Kd5 40. Rd8+
Kc5 41. e4 Ra3+ 0-1

[Event "POLFINALY MISTRZOSTW POLSKI JUNIOROW 2021 C-15"]
[Site "Jatrzebia Gora"]
[Date "1899-12-30"]
[Round "1.5"]
[White "Nowak, Filip"]
[Black "Czak, Dominik"]
[Result "0-1"]
[WhiteTitle "I"]
[BlackTitle "II"]
[WhiteElo "1757"]
[BlackElo "1456"]

1. e4 c6 2. d4 d5 3. Nc3 dxe4 4. Nxe4 Nf6 5. Nxf6+ exf6 6. c3 Bd6 7. Bd3 Qe7+ 8.
Ne2 Bg4 9. O-O O-O 10. Re1 Qc7 11. h3 Bh5 12. Qc2 Bg6 13. Be3 Nd7 14. c4 b6 15.
Bxg6 hxg6 16. c5 bxc5 17. dxc5 Be7 18. b4 f5 19. Bf4 Qb7 20. Rab1 Nf6 21. Nc3
Rfd8 22. Qe2 Rd4 23. Qxe7 Qxe7 24. Rxe7 Rxf4 25. b5 Rc4 26. bxc6 Rxc3 27. c7 Rf8
28. Re5 Nd7 29. Rd5 Nxc5 30. Rb8 Ne6 31. Rdd8 Rxc7 32. Rxf8+ Nxf8 33. Rb4 Ne6
34. g3 f6 35. Kg2 Kf7 36. h4 g5 37. hxg5 fxg5 38. a3 Kf6 39. a4 a5 40. Rb5 Rc5
41. Rb6 Rc4 0-1

[Event "POLFINALY MISTRZOSTW POLSKI JUNIOROW 2021 C-15"]
[Site "Jatrzebia Gora"]
[Date "1899-12-30"]
[Round "1.6"]
[White "Borowik, Karol"]
[Black "Demski, Michal"]
[Result "0-1"]
[WhiteTitle "II"]
[BlackTitle "I+"]
[WhiteElo "1455"]
[BlackElo "1756"]

1. d4 d5 2. c4 c6 3. Nc3 Nf6 4. Nf3 dxc4 5. e3 b5 6. a4 b4 7. Na2 e6 8. Bxc4 Be7
9. O-O O-O 10. Bd2 a5 11. Qc2 Qb6 12. Nc1 Nbd7 13. Ne2 Bb7 14. Qb3 c5 15. Rac1
cxd4 16. exd4 Rac8 17. Rfd1 Nd5 18. Qd3 N7f6 19. Ne5 Bd6 20. Qg3 Ne4 21. Qd3 Nxf2
22. Kxf2 Bxe5 23. Kf1 Bf6 24. Ng3 Qxd4 25. Qxd4 Bxd4 26. Bxd5 Bxd5 27. Rxc8 Rxc8
28. Bxb4 Bxb2 29. Bxa5 Ra8 30. Rb1 Be5 31. Be1 Rxa4 32. Ne2 h6 33. Bg3 Bxg3 34.
hxg3 Bc4 35. Ke1 Ra3 36. g4 Re3 37. Rb2 Bxe2 38. Rxe2 Rxe2+ 39. Kxe2 Kh7 40. Kf3
Kg6 41. g3 Kg5 0-1

[Event "POLFINALY MISTRZOSTW POLSKI JUNIOROW 2021 C-15"]
[Site "Jatrzebia Gora"]
[Date "1899-12-30"]
[Round "1.7"]
[White "Kusiak, Mateusz"]
[Black "Latacz, Grzegorz"]
[Result "1-0"]
[WhiteTitle "I+"]
[BlackTitle "II"]
[WhiteElo "1755"]
[BlackElo "1446"]

1. e4 e6 2. d4 d5 3. Nd2 Be7 4. Bd3 c5 5. c3 Nc6 6. Ne2 Nf6 7. e5 Nd7 8. O-O O-O
9. Nf3 f6 10. exf6 Nxf6 11. Re1 Bd6 12. Bg5 h6 13. Bf4 Ng4 14. Bg3 e5 15. dxe5
Ncxe5 16. Nxe5 Bxe5 17. Bxe5 Nxe5 18. Ng3 Qf6 19. f3 Nc6 20. Qd2 Be6 21. Re2 d4
22. Ne4 Qe7 23. b3 Rad8 24. Nf2 Qf6 25. Ne4 Qe7 26. Rae1 Bf7 27. Ng3 Qf6 28. c4
Rfe8 29. Be4 Bg6 30. Bd5+ Kh8 31. Re6 Rxe6 32. Rxe6 Qf8 33. Rxg6 Ne7 34. Re6 Nxd5
35. cxd5 Rxd5 36. Re4 Qc8 37. Qd3 a6 1-0

[Event "POLFINALY MISTRZOSTW POLSKI JUNIOROW 2021 C-15"]
[Site "Jatrzebia Gora"]
[Date "1899-12-30"]
[Round "1.8"]
[White "Szymczyk, Antoni"]
[Black "Wydmanski, Szymon"]
[Result "0-1"]
[WhiteTitle "II"]
[BlackTitle "I"]
[WhiteElo "1424"]
[BlackElo "1735"]

1. e4 c5 2. Nf3 d6 3. d4 cxd4 4. Nxd4 Nf6 5. Nc3 a6 6. Be2 e5 7. Nb3 Be6 8. O-O
Be7 9. Kh1 O-O 10. f4 exf4 11. Bxf4 Nc6 12. Qe1 b5 13. Rd1 Qc7 14. Qg3 Rad8 15.
Bh6 Ne8 16. Nd4 Nxd4 17. Rxd4 Kh8 18. Bg5 Nf6 19. h4 Qc5 20. Rd2 b4 21. Bxf6 Bxf6
22. Nd1 d5 23. e5 Qc7 24. Bxa6 Bxe5 25. Qe3 d4 26. Qe4 Bd5 27. Qf5 Qe7 28. Qg4
Rd6 29. Bd3 Rh6 30. h5 g6 31. Nf2 Rxh5+ 32. Nh3 Rh4 33. Qe2 Rxh3+ 34. Kg1 Bh2+
35. Kf2 Bg3+ 36. Kg1 Rh1+ 0-1

[Event "POLFINALY MISTRZOSTW POLSKI JUNIOROW 2021 C-15"]
[Site "Jatrzebia Gora"]
[Date "1899-12-30"]
[Round "1.10"]
[White "Dembicki, Karol"]
[Black "Wilk, Igor"]
[Result "0-1"]
[WhiteTitle "II"]
[BlackTitle "I+"]
[WhiteElo "1380"]
[BlackElo "1712"]

1. e4 e5 2. Nf3 Nc6 3. Bb5 a6 4. Bxc6 dxc6 5. O-O f6 6. h3 Bc5 7. c3 Qd3 8. Re1
Be6 9. b4 Bb6 10. Na3 g5 11. Qc2 O-O-O 12. Qxd3 Rxd3 13. c4 h5 14. c5 Ba7 15.
Re3 Rd7 16. d4 g4 17. d5 cxd5 18. exd5 Bxd5 19. Nh4 Ne7 20. Bb2 gxh3 21. gxh3
Rg8+ 22. Kh2 Nf5 23. Nxf5 Rg2+ 24. Kh1 Rxf2+ 25. Kg1 Rxb2 26. Rg3 Rxb4 27. Rd1
Bxc5+ 28. Kf1 Rf4+ 0-1

[Event "POLFINALY MISTRZOSTW POLSKI JUNIOROW 2021 C-15"]
[Site "Jatrzebia Gora"]
[Date "1899-12-30"]
[Round "1.11"]
[White "Wieckowski, Michal"]
[Black "Pieczulis, Hubert"]
[Result "1-0"]
[WhiteTitle "I"]
[BlackTitle "I"]
[WhiteElo "1698"]
[BlackElo "1379"]

1. e4 c6 2. d4 d5 3. exd5 cxd5 4. Bd3 Nf6 5. c3 Nc6 6. h3 Qc7 7. Nf3 e6 8. O-O
Bd6 9. Re1 O-O 10. Nbd2 a6 11. Nb3 h6 12. Bd2 e5 13. dxe5 Nxe5 14. Nxe5 Bxe5 15.
Qf3 b5 16. Nd4 Bb7 17. Rxe5 Qxe5 18. Bf4 Qe8 19. Bxh6 Ne4 20. Bxg7 f5 21. Bxf8
Qxf8 22. Nxf5 Re8 23. Qg4+ Kh8 24. Qh5+ Kg8 25. Re1 Bc8 26. Bxe4 dxe4 27. Qg6+
Kh8 28. Nd6 1-0

[Event "POLFINALY MISTRZOSTW POLSKI JUNIOROW 2021 C-15"]
[Site "Jatrzebia Gora"]
[Date "1899-12-30"]
[Round "1.12"]
[White "Janusiewicz, Michal"]
[Black "Goral, Jan"]
[Result "1-0"]
[WhiteTitle "I"]
[BlackTitle "I"]
[WhiteElo "1361"]
[BlackElo "1672"]

1. e4 c5 2. Nf3 d6 3. d4 cxd4 4. Nxd4 Nf6 5. Nc3 g6 6. Be3 Bg7 7. f3 O-O 8. Qd2
Nc6 9. Bc4 Bd7 10. O-O-O Rc8 11. Bb3 a6 12. g4 b5 13. h4 Ne5 14. h5 Nc4 15. Bxc4
Rxc4 16. hxg6 fxg6 17. b3 Rc8 18. Bh6 Rf7 19. Bxg7 Kxg7 20. e5 Qa5 21. exf6+ exf6
22. Kb2 b4 23. Ne4 Qd8 24. Nxd6 Re7 25. Rxh7+ Kxh7 26. Rh1+ Kg8 27. Qh6 1-0

[Event "POLFINALY MISTRZOSTW POLSKI JUNIOROW 2021 C-15"]
[Site "Jatrzebia Gora"]
[Date "1899-12-30"]
[Round "1.13"]
[White "Malinowski, Szymon"]
[Black "Marek, Grzegorz"]
[Result "1-0"]
[WhiteTitle "I"]
[BlackTitle "II"]
[WhiteElo "1601"]
[BlackElo "1350"]

1. d4 Nf6 2. Nf3 b6 3. Bg5 Bb7 4. Nbd2 e6 5. e3 h6 6. Bh4 Be7 7. c3 d6 8. Bg3 Nbd7
9. Bd3 c5 10. O-O O-O 11. Nc4 d5 12. Nce5 Nxe5 13. Nxe5 Nd7 14. f4 Nxe5 15. fxe5
Bg5 16. Bf4 f5 17. exf6 Rxf6 18. g3 Qe7 19. Qg4 Bc8 20. Be5 Bxe3+ 21. Kg2 Rxf1
22. Rxf1 Bg5 23. h4 Be3 24. Qg6 1-0

[Event "POLFINALY MISTRZOSTW POLSKI JUNIOROW 2021 C-15"]
[Site "Jatrzebia Gora"]
[Date "1899-12-30"]
[Round "1.14"]
[White "Fojcik, Kacper"]
[Black "Pisarek, Jan"]
[Result "0-1"]
[WhiteTitle "II"]
[BlackTitle "I"]
[WhiteElo "1345"]
[BlackElo "1583"]

1. d4 Nf6 2. c4 e6 3. Nc3 Bb4 4. f3 d5 5. a3 Be7 6. e3 O-O 7. Bd3 c5 8. Nge2 Nc6
9. O-O a6 10. Kh1 cxd4 11. exd4 dxc4 12. Bxc4 b5 13. Ba2 Ra7 14. Be3 Rd7 15. Qc2
Bb7 16. Rad1 b4 17. Nb1 Qa5 18. a4 Rc8 19. Qb3 Nd8 20. Qd3 Qxa4 21. Bb3 Qa5 22.
Nd2 Nc6 23. Nc4 Qd8 24. Qb1 Nd5 25. Bf2 Na5 26. Nxa5 Qxa5 27. Rc1 Rxc1 28. Rxc1
Bd6 29. Bg3 Qb6 30. Bxd5 Bxd5 31. Bxd6 Rxd6 32. Rc8+ Rd8 33. Qc1 g6 34. Rxd8+
Qxd8 35. h3 Qb6 36. Qc2 Qc6 37. Qd2 a5 38. Nf4 Bc4 39. Qc2 a4 40. Nd3 Qb5 41.
Ne5 Bd5 42. Qc8+ Kg7 43. Qc7 Qb7 44. Qa5 f6 45. Nd3 Bxf3 46. gxf3 Qxf3+ 47. Kh2
Qe2+ 48. Kh1 Qxd3 49. Qc7+ Kh6 50. Qf4+ g5 51. Qxf6+ Kh5 52. Qxe6 Qb1+ 53. Kg2
Qxb2+ 54. Kh1 Qc1+ 55. Kg2 Qd2+ 56. Kh1 Qxd4 57. Qf7+ Kh4 58. Qxh7+ Kg3 59. Qc7+
Qf4 0-1

[Event "POLFINALY MISTRZOSTW POLSKI JUNIOROW 2021 C-15"]
[Site "Jatrzebia Gora"]
[Date "1899-12-30"]
[Round "1.15"]
[White "Wesolek, Krzysztof"]
[Black "Chmura, Eryk"]
[Result "1-0"]
[WhiteTitle "I"]
[BlackTitle "II"]
[WhiteElo "1570"]
[BlackElo "1343"]

1. e4 c5 2. Nf3 g6 3. d4 cxd4 4. Qxd4 Nf6 5. c4 Nc6 6. Qe3 Bg7 7. Nc3 O-O 8. h3
d6 9. Be2 Bd7 10. O-O Nb4 11. Rb1 a5 12. a3 Na6 13. b4 Rc8 14. Rd1 Be6 15. e5
Ne8 16. exd6 exd6 17. Nd5 Bxd5 18. Rxd5 axb4 19. axb4 Nf6 20. Rb5 Re8 21. Qd3
Qe7 22. Bf1 Nb8 23. Bb2 Nc6 24. Re1 Qc7 25. Rd1 Rcd8 26. Qb3 Na7 27. Ra5 Nc6 28.
Raa1 Qb6 29. Bxf6 Bxf6 30. Rab1 Nd4 31. Nxd4 Bxd4 32. Rd2 Re7 33. Rbd1 Bc5 34.
Rb1 Bd4 35. Qd3 Be5 36. g3 Red7 37. Bg2 Qc7 38. Bd5 Ra8 39. Kg2 Ra4 40. Qb3 Ra6
41. Re2 Qd8 42. Rbe1 Ra1 43. Rxe5 dxe5 44. Rxa1 Qf6 45. Qf3 Qe7 46. b5 Qb4 47.
Ra7 Qc5 48. Rxb7 Rxb7 49. Bxb7 Qxc4 50. Bd5 Qc7 51. Qxf7+ Qxf7 52. Bxf7+ Kxf7
53. b6 Ke7 54. b7 1-0

[Event "POLFINALY MISTRZOSTW POLSKI JUNIOROW 2021 C-15"]
[Site "Jatrzebia Gora"]
[Date "1899-12-30"]
[Round "1.16"]
[White "Rzepka, Marcin"]
[Black "Rzenca, Jerzy"]
[Result "1/2-1/2"]
[WhiteTitle "II"]
[BlackTitle "I"]
[WhiteElo "1336"]
[BlackElo "1568"]

1. e4 c6 2. Nf3 d5 3. d3 Qc7 4. Nbd2 e5 5. g3 Nf6 6. Bg2 Bg4 7. O-O Nbd7 8. h3
Bh5 9. Qe1 dxe4 10. dxe4 Bc5 11. b3 O-O 12. Bb2 Ne8 13. Nc4 f6 14. b4 Bf7 15.
Ne3 Bxe3 16. Qxe3 Nd6 17. Nd2 Nb6 18. Rfd1 Nbc4 19. Nxc4 Nxc4 20. Qc3 Rad8 21.
Bf1 Nd6 22. Qe3 b6 23. a3 Rd7 24. Rd2 Rfd8 25. Rad1 b5 26. f4 Nc4 27. Bxc4 Bxc4
28. fxe5 fxe5 29. Bxe5 Qb7 30. Rxd7 Rxd7 31. Rxd7 1/2-1/2

[Event "POLFINALY MISTRZOSTW POLSKI JUNIOROW 2021 C-15"]
[Site "Jatrzebia Gora"]
[Date "1899-12-30"]
[Round "1.17"]
[White "Daszkiewicz, Adrian"]
[Black "Bajer, Tomasz"]
[Result "1-0"]
[WhiteTitle "I"]
[BlackTitle "II"]
[WhiteElo "1564"]
[BlackElo "1308"]

1. e4 c5 2. Nf3 Nc6 3. d4 cxd4 4. Nxd4 g6 5. Be3 Bg7 6. Nc3 Nf6 7. f3 d5 8. Bb5
dxe4 9. Nxc6 Qxd1+ 10. Rxd1 Bd7 11. Nd4 exf3 12. Nxf3 a6 13. Bxd7+ Nxd7 14. O-O
Rc8 15. Rfe1 b5 16. Bd4 Bxd4+ 17. Nxd4 e6 18. Ne4 Ke7 19. c3 f5 20. Ng5 e5 21.
Ndf3 e4 22. Nxe4 fxe4 23. Rxe4+ 1-0

[Event "POLFINALY MISTRZOSTW POLSKI JUNIOROW 2021 C-15"]
[Site "Jatrzebia Gora"]
[Date "1899-12-30"]
[Round "1.18"]
[White "Bem, Tymoteusz"]
[Black "Szymkiewicz, Witold"]
[Result "1/2-1/2"]
[WhiteTitle "II"]
[BlackTitle "I"]
[WhiteElo "1262"]
[BlackElo "1552"]

1. d4 d5 2. c4 e6 3. Nf3 Nf6 4. Bg5 Nbd7 5. Nc3 Be7 6. e3 O-O 7. Bd3 dxc4 8. Bxc4
c5 9. dxc5 Qa5 10. O-O Qxc5 11. Qe2 a6 12. Rac1 Ne5 13. Nxe5 Qxe5 14. Bf4 Qa5
15. Rfd1 b5 16. Bb3 b4 17. Nb1 e5 18. Bg3 Bd7 19. Nd2 Rac8 20. Nc4 Bb5 21. Qe1
Bxc4 22. Rxc4 Rxc4 23. Bxc4 Rc8 24. Qe2 Rc6 25. b3 Kf8 26. Bh4 Qc7 27. h3 a5 28.
Bxf6 Bxf6 29. Rd5 Rd6 30. Qd3 Ke7 31. Rxd6 Qxd6 32. Qxd6+ Kxd6 33. Bxf7 Bg5 34.
Kf1 e4 35. Kg1 Ke5 36. Kh2 Be7 37. Kg3 Kf5 38. f3 Bc5 39. Kf2 exf3 40. gxf3 g5
41. Bg8 h5 42. Bh7+ Ke5 43. h4 gxh4 44. f4+ Kf6 45. Kf3 h3 46. e4 h2 47. Kg2 Be3
48. Kxh2 Bxf4+ 49. Kg2 h4 50. Bf5 Ke5 51. Kf3 Bg5 52. Kg4 Be7 53. Bg6 Kd4 54.
Kf3 Kc3 55. Be8 Kb2 56. Ba4 Kxa2 57. Kg4 1/2-1/2

[Event "POLFINALY MISTRZOSTW POLSKI JUNIOROW 2021 C-15"]
[Site "Jatrzebia Gora"]
[Date "1899-12-30"]
[Round "1.19"]
[White "Turowski, Maciej"]
[Black "Dysko, Michal"]
[Result "0-1"]
[WhiteTitle "II+"]
[BlackTitle "II"]
[WhiteElo "1540"]
[BlackElo "1222"]

1. c4 c5 2. Nc3 e6 3. g3 d5 4. cxd5 exd5 5. d4 cxd4 6. Qxd4 Nf6 7. Bg5 Nc6 8. Bxf6
Nxd4 9. Bxd8 Nc2+ 10. Kd2 Nxa1 11. Ba5 b6 12. Nb5 bxa5 13. Nc7+ Kd8 14. Nxa8 Bb4+
15. Kd1 Bf5 16. Nf3 Nc2 17. Rg1 Kd7 18. e3 Rxa8 19. Bd3 Bxd3 20. Ne5+ Ke6 21.
Nxd3 Rc8 22. a3 Nxa3 23. bxa3 Bxa3 24. Kd2 Bb4+ 25. Ke2 Rc2+ 26. Kf3 Rd2 27. Nf4+
Ke5 28. Ne2 a4 29. Rb1 Bc5 30. Rb5 Bb6 31. Nc3 a3 32. Rb3 Bc5 33. Rb5 Bb6 34.
Rb3 0-1

[Event "POLFINALY MISTRZOSTW POLSKI JUNIOROW 2021 C-15"]
[Site "Jatrzebia Gora"]
[Date "1899-12-30"]
[Round "1.20"]
[White "Rumniak, Aleksy"]
[Black "Jankowski, Franciszek"]
[Result "1-0"]
[WhiteTitle "II"]
[BlackTitle "II+"]
[WhiteElo "1204"]
[BlackElo "1522"]

1. e4 c5 2. Nf3 e6 3. d4 cxd4 4. Nxd4 Nf6 5. Nc3 Nc6 6. Ndb5 Bb4 7. a3 Bxc3+ 8.
Nxc3 d5 9. Bd3 O-O 10. O-O Qb6 11. Bg5 Nxe4 12. Bxe4 dxe4 13. Nxe4 Qxb2 14. Nf6+
gxf6 15. Bh6 f5 16. Qh5 Rd8 17. Qg5+ Kh8 18. Rab1 Qd4 19. Rbd1 Rg8 20. Rxd4 Rxg5
21. Bxg5 Nxd4 22. Bf6+ Kg8 23. Bxd4 Bd7 24. f4 Ba4 25. c3 Kf8 26. Bf6 Ke8 27.
Rf3 h5 28. Rg3 Kd7 29. Rg7 Rf8 30. Rh7 Bd1 31. Kf2 Kd6 32. Ke1 Bb3 33. Rxh5 Rg8
34. g3 Rg6 35. Be5+ Kc6 36. Rh8 Kb5 37. Rh7 Bd5 38. Rxf7 Rh6 39. h4 Ka4 40. Bd6
Rg6 41. Kf2 Kb3 42. Bc5 b6 43. Bd4 Kxa3 44. Rxa7+ Kb3 45. Rh7 b5 46. h5 Rg8 47.
Ra7 Kc4 48. h6 b4 49. h7 Rb8 50. h8=Q Rxh8 51. Bxh8 b3 52. Rc7+ Kd3 53. c4 Be4
54. Rc8 Kc2 55. Rb8 1-0

[Event "POLFINALY MISTRZOSTW POLSKI JUNIOROW 2021 C-15"]
[Site "Jatrzebia Gora"]
[Date "1899-12-30"]
[Round "2.1"]
[White "Wesolek, Krzysztof"]
[Black "Racis, Michal"]
[Result "1-0"]
[WhiteTitle "I"]
[BlackTitle "I"]
[WhiteElo "1570"]
[BlackElo "1820"]

1. e4 c5 2. Nf3 d6 3. d4 cxd4 4. Qxd4 Nc6 5. Qe3 g6 6. Be2 Bg7 7. O-O Nf6 8. h3
O-O 9. Rd1 Qc7 10. Nc3 Bd7 11. Nb5 Qd8 12. c4 a6 13. Nc3 Qc7 14. Rb1 Na5 15. b3
b6 16. Bb2 Qc5 17. Qxc5 bxc5 18. e5 dxe5 19. Nxe5 Bf5 20. Bd3 Rfd8 21. Bxf5 gxf5
22. Nd5 Nxd5 23. cxd5 Rac8 24. f4 Rd6 25. Bc3 Nb7 26. Nc6 Rc7 27. Be5 Bxe5 28.
fxe5 Rdd7 29. Nxe7+ Rxe7 30. d6 Rcd7 31. dxe7 Rxe7 32. Rd5 Kg7 33. Rbd1 Re6 34.
Kf2 h6 35. Kf3 Rb6 36. Kf4 Kg6 37. Rd6+ Nxd6 38. exd6 Rb4+ 39. Ke5 Rb8 40. d7
Rd8 41. Kd6 Kf6 42. Kc7 1-0

[Event "POLFINALY MISTRZOSTW POLSKI JUNIOROW 2021 C-15"]
[Site "Jatrzebia Gora"]
[Date "1899-12-30"]
[Round "2.2"]
[White "Kotowicz, Kamil"]
[Black "Daszkiewicz, Adrian"]
[Result "1-0"]
[WhiteTitle "I"]
[BlackTitle "I"]
[WhiteElo "1765"]
[BlackElo "1564"]

1. d4 Nf6 2. c4 c5 3. d5 e6 4. Nc3 exd5 5. cxd5 d6 6. e4 g6 7. Nf3 Bg7 8. Nd2 O-O
9. Bd3 Nbd7 10. O-O a6 11. a4 Ne8 12. Qe2 Ne5 13. Bc2 Rb8 14. a5 b5 15. axb6 Qxb6
16. Kh1 Nc7 17. f4 Ng4 18. Nc4 Qa7 19. Nxd6 Bd7 20. Bd3 Bd4 21. h3 Nf6 22. Ra2
Rfd8 23. Nc4 Nb5 24. Nxb5 Bxb5 25. Ne5 Bxe5 26. fxe5 Nh5 27. Bf4 c4 28. Bxc4 Qc5
29. Bxb5 Rxb5 30. Bh2 Rb3 31. Qf2 Qxf2 32. Rxf2 Re3 33. g4 Ng7 34. Kg2 Rxe4 35.
Rxa6 h5 36. gxh5 Nxh5 37. d6 Ng7 38. Ra7 Nf5 39. Bf4 f6 40. exf6 Rxf4 41. Rxf4
Rxd6 42. f7+ Kf8 43. Re4 Rd8 44. b4 Rb8 45. Re6 1-0

[Event "POLFINALY MISTRZOSTW POLSKI JUNIOROW 2021 C-15"]
[Site "Jatrzebia Gora"]
[Date "1899-12-30"]
[Round "2.3"]
[White "Demski, Michal"]
[Black "Jendrowiak, Maciej"]
[Result "1-0"]
[WhiteTitle "I+"]
[BlackTitle "II+"]
[WhiteElo "1756"]
[BlackElo "1493"]

1. e4 d5 2. exd5 Nf6 3. Nf3 Qxd5 4. c4 Qa5 5. Nc3 Bg4 6. d4 e6 7. Be2 Nbd7 8. Bd2
c6 9. O-O Be7 10. Nd5 Qd8 11. Nxe7 Qxe7 12. Bf4 O-O 13. h3 Bh5 14. Qb3 b6 15.
Rfe1 Rfd8 16. Rad1 Qf8 17. Ne5 Bxe2 18. Rxe2 Nxe5 19. Bxe5 Nd7 20. Bc7 Rdc8 21.
Qg3 Nf6 22. Bd6 Qd8 23. Be5 Qe7 24. Re3 Rd8 25. Qg5 h6 26. Qh4 Nd5 27. Qg3 Nf6
28. Qf4 Nh5 29. Qf3 Nf6 30. Qxc6 Rac8 31. Qb5 Nd7 32. b3 Qa3 33. Rg3 g6 34. Bf4
Kh7 35. Bc1 Qxa2 36. Qb4 Qe2 37. Re1 Qh5 38. Qe7 g5 39. Rf3 Kg8 40. Rg3 Kh7 41.
Bxg5 hxg5 42. Rxg5 Qh6 43. Qxf7+ Kh8 44. Rh5 1-0

[Event "POLFINALY MISTRZOSTW POLSKI JUNIOROW 2021 C-15"]
[Site "Jatrzebia Gora"]
[Date "1899-12-30"]
[Round "2.4"]
[White "Trochimczuk, Szymon"]
[Black "Kusiak, Mateusz"]
[Result "0-1"]
[WhiteTitle "II+"]
[BlackTitle "I+"]
[WhiteElo "1493"]
[BlackElo "1755"]

1. d4 Nf6 2. c4 c5 3. d5 e6 4. Nc3 exd5 5. cxd5 d6 6. Nf3 g6 7. Nd2 a6 8. a4 Nbd7
9. e4 Bg7 10. Be2 O-O 11. O-O Re8 12. f4 c4 13. Bxc4 Nc5 14. Qc2 Qe7 15. Re1 Bf5
16. Bd3 Rac8 17. Re2 Nfxe4 18. Bxe4 Bxc3 19. bxc3 Bxe4 20. Nxe4 Nxe4 21. Bb2 Rc4
22. f5 Qc7 23. Qd3 Qc5+ 24. Kf1 Re5 25. g4 Qxd5 26. Qxd5 Rxd5 27. Rae1 gxf5 28.
Kg1 Ng5 29. Rf1 Rxg4+ 30. Kh1 Ne4 31. Rfe1 f6 32. c4 Rd3 33. Rf1 Kf7 34. Ree1
Rd2 35. Bc1 Nf2+ 36. Rxf2 Rxf2 37. h3 Rxc4 38. Be3 Ra2 39. Bb6 Rcxa4 40. Bd8 Re4
41. Rc1 b5 0-1

[Event "POLFINALY MISTRZOSTW POLSKI JUNIOROW 2021 C-15"]
[Site "Jatrzebia Gora"]
[Date "1899-12-30"]
[Round "2.5"]
[White "Wydmanski, Szymon"]
[Black "Cieply, Krzysztof"]
[Result "1-0"]
[WhiteTitle "I"]
[BlackTitle "I"]
[WhiteElo "1735"]
[BlackElo "1487"]

1. e4 c5 2. Nf3 Nc6 3. d4 cxd4 4. Nxd4 Nf6 5. Nc3 e5 6. Ndb5 d6 7. a4 a6 8. Na3
h6 9. Bc4 Be7 10. O-O O-O 11. Re1 Be6 12. Nd5 Bxd5 13. Bxd5 Nxd5 14. Qxd5 Nb4
15. Qb3 d5 16. exd5 Qxd5 17. Qxd5 Nxd5 18. Rxe5 Rfd8 19. Re1 Bf6 20. Rb1 Rac8
21. Bd2 Rd7 22. b3 Nc3 23. Bxc3 Rxc3 24. Re2 Rc8 25. g3 Kf8 26. Nc4 Re7 27. Rbe1
Rxe2 28. Rxe2 Be7 29. Kf1 Bc5 30. a5 g6 31. f4 Bb4 32. f5 gxf5 33. Re5 Kg7 34.
Rxf5 Rd8 35. Ke2 f6 36. Ke3 Kg6 37. g4 Rd1 38. h4 Rc1 39. Rd5 Rxc2 40. h5+ Kf7
41. Rd7+ Ke6 42. Rxb7 Rc3+ 43. Ke4 Rxb3 44. Rb6+ Ke7 45. Nd6 Rb1 46. Nf5+ Kf7
47. Nxh6+ Kg7 48. Nf5+ Kf7 49. Rxa6 Re1+ 50. Kf3 Bc5 51. Rc6 Bb4 52. a6 Ra1 53.
h6 Kg6 54. Rc7 Bf8 55. h7 Rh1 56. a7 1-0

[Event "POLFINALY MISTRZOSTW POLSKI JUNIOROW 2021 C-15"]
[Site "Jatrzebia Gora"]
[Date "1899-12-30"]
[Round "2.6"]
[White "Choina, Jan"]
[Black "Kubik, Rafal"]
[Result "0-1"]
[WhiteTitle "II"]
[BlackTitle "I+"]
[WhiteElo "1485"]
[BlackElo "1718"]

1. e4 e5 2. Nf3 Nc6 3. d4 exd4 4. Bc4 Bc5 5. c3 Nf6 6. e5 d5 7. exf6 dxc4 8. fxg7
Rg8 9. Bg5 Be7 10. Qe2 d3 11. Qe4 Rxg7 12. Bf6 Rg6 13. Bxe7 Qxe7 14. Qxe7+ Kxe7
15. Rg1 Bg4 16. Nbd2 Re6+ 17. Kf1 Bxf3 18. gxf3 b5 19. Ne4 h6 20. a4 Ne5 21. Nd2
c6 22. f4 Nd7 23. Nf3 Re2 24. Nd4 Rxb2 25. Nxc6+ Kf6 26. axb5 Rxb5 27. Kg2 Rg8+
28. Kh1 Rxg1+ 29. Kxg1 Rb3 30. Rc1 Rxc3 31. Rd1 Nc5 32. Nb4 Rb3 33. Nd5+ Ke6 34.
Ne3 c3 35. Rc1 c2 36. Nxc2 dxc2 37. Rxc2 Kd5 38. Kg2 a5 39. Re2 a4 40. Re7 Rb7
41. Re5+ Kc4 42. Rh5 a3 43. Rxh6 a2 44. h4 a1=Q 45. Rh5 Qg7+ 46. Rg5 Qf6 47. Kg3
Rb3+ 48. Kg4 Ne4 49. Rg8 Nxf2+ 0-1

[Event "POLFINALY MISTRZOSTW POLSKI JUNIOROW 2021 C-15"]
[Site "Jatrzebia Gora"]
[Date "1899-12-30"]
[Round "2.7"]
[White "Wilk, Igor"]
[Black "Janusiewicz, Michal"]
[Result "1-0"]
[WhiteTitle "I+"]
[BlackTitle "I"]
[WhiteElo "1712"]
[BlackElo "1361"]

1. e4 c5 2. Nf3 Nc6 3. d4 cxd4 4. Nxd4 e5 5. Nb5 d6 6. N1c3 a6 7. Na3 Be7 8. Nc4
Nf6 9. Bg5 Nd4 10. Bxf6 Bxf6 11. Nd5 b5 12. Ncb6 Rb8 13. Nxc8 Rxc8 14. c3 Nc6
15. a4 Rb8 16. axb5 axb5 17. Ra6 Qc8 18. Bxb5 Rxb5 19. Qa4 Qb7 20. Qxb5 Qxb5 21.
Nc7+ Kd7 22. Nxb5 Rb8 23. c4 Be7 24. O-O Nd4 25. Ra7+ Kd8 26. Ra5 Kd7 27. Rfa1
Nc6 28. Ra8 Rb7 29. g3 Ke6 30. R1a6 Kd7 31. Rg8 Bf6 32. Rf8 Ke7 33. Rxf7+ 1-0

[Event "POLFINALY MISTRZOSTW POLSKI JUNIOROW 2021 C-15"]
[Site "Jatrzebia Gora"]
[Date "1899-12-30"]
[Round "2.8"]
[White "Czak, Dominik"]
[Black "Wieckowski, Michal"]
[Result "1/2-1/2"]
[WhiteTitle "II"]
[BlackTitle "I"]
[WhiteElo "1456"]
[BlackElo "1698"]

1. d4 Nf6 2. c4 c5 3. e3 e6 4. Nc3 d5 5. cxd5 Nxd5 6. Bb5+ Bd7 7. Bxd7+ Qxd7 8.
Nf3 Nc6 9. O-O cxd4 10. Nxd5 Qxd5 11. Nxd4 Nxd4 12. Qxd4 Qxd4 13. exd4 Bd6 14.
Be3 O-O 15. Rac1 Rfc8 16. g3 Kf8 17. Kg2 a6 18. Kf3 Ke7 19. h4 b5 20. g4 a5 21.
Ke4 a4 22. Kd3 Kd7 23. f4 Rxc1 24. Rxc1 Ra6 25. Ke4 b4 26. Rc4 Rb6 27. f5 Rb5
28. fxe6+ fxe6 29. Bf4 h6 30. Bxd6 Kxd6 31. b3 1/2-1/2